Normal view MARC view

Entry Personal Name

Number of records used in: 1

001 - CONTROL NUMBER

  • control field: 1213187

003 - CONTROL NUMBER IDENTIFIER

  • control field: OSt

005 - DATE AND TIME OF LATEST TRANSACTION

  • control field: 20260324142754.0

008 - FIXED-LENGTH DATA ELEMENTS

  • fixed length control field: 260324|| aca||aabn | a|a d

040 ## - CATALOGING SOURCE

  • Original cataloging agency: OSt
  • Transcribing agency: OSt

100 ## - HEADING--PERSONAL NAME

  • Personal name: Jeffrey W. Hahn; Theodore H. Friedgut

670 ## - SOURCE DATA FOUND

  • Source citation: Work cat.: (OSt)1817765: Jeffrey W. Hahn; Theodore H. Friedgut, Local Power and Post-Soviet Politics
Copyright @ Delhi University Library System